| 000 | 00772nam a2200205 4500 | ||
|---|---|---|---|
| 001 | 138588 | ||
| 003 | ES-MaACL | ||
| 005 | 20230906195609.0 | ||
| 007 | t| | ||
| 008 | 070214s1985 sp r ||||1| spa d | ||
| 100 | 1 |
_aSantamarĂa, Juan Manuel. _9103288 |
|
| 245 | 1 | 0 |
_aArte en Segovia _b: siglo XX / _cJuan Manuel SantamarĂa. |
| 260 |
_aSegovia : _bCaja de Ahorros y Monte de Piedad, Obra Cultural, _c1985. |
||
| 300 |
_a256 p. : _bil. ; _c22 cm. |
||
| 490 | 1 |
_aPublicaciones de la Caja de Ahorros y Monte de Piedad de Segovia ; _v106 |
|
| 710 | 2 |
_aCaja de Ahorros y Monte de Piedad de Segovia. _92324 |
|
| 830 | 0 |
_aPublicaciones de la Caja de Ahorros y Monte de Piedad de Segovia ; _v106 _9220170 |
|
| 852 |
_aES-MaACL _jL-11182 _bR.112937 |
||
| 999 |
_c138588 _d138588 |
||